La Educación como objeto de derecho.

Сохранить в:
Библиографические подробности
Главный автор: Aguilar Sahagún, Luis Armando (autor)
Формат: Неизвестно
Язык:испанский
Предметы:
Online-ссылка:Ver documento en línea
Метки: Добавить метку
Нет меток, Требуется 1-ая метка записи!

MARC

LEADER 00000c**#a2200000ua#4500
001 000502864
003 DLC
005 20260512000000.0
008 070831c^^^^9999^^^^r1^^^^^^^^0^^^^0spa^d
009 20260512123342.315
022 |a 01851284 
035 |a FCE 000047058 
037 |a Acervo ITESO - Biblioteca 
041 |a spa 
095 |a RLEE  |b 01-4-99. 
100 |a Aguilar Sahagún, Luis Armando  |e (autor) 
245 1 4 |a La Educación como objeto de derecho. 
264 |a México :  |b Centro de Estudios Educativos,  |c 2001. 
336 |a texto  |b txt  |2 rdacontenido 
337 |a sin mediación  |b n  |2 rdamedio 
338 |a volumen  |b nc  |2 rdasoporte 
649 |a XX 
650 |a Derechos humanos 
650 |a Igualdad de oportunidades 
650 |a Justicia 
650 |a Derecho a la educación 
740 |g vol. 31, no. 4, 2001, pp. 99-110.  |t Revista Latinoamericana de Estudios Educativos. Informes y Notas, 
856 4 0 |u https://www.cee.edu.mx/rlee/revista/r2001_2010/r_texto/t_2001_4_04.pdf  |y Ver documento en línea 
910 |a Fondo Centro de Estudios Educativos 
920 |a Impresos - Libros 
930 |a Fondos Especiales 
905 |a 133 
902 |a https://opac.biblio.iteso.mx/vufind/Record/000502864